Cantos a Elena ; Centro del mundo / (Record no. 20227)
[ view plain ]
| 000 -CABECERA | |
|---|---|
| campo de control de longitud fija | 00707nam a2200205 u 4500 |
| 001 - NÚMERO DE CONTROL | |
| campo de control | 000020723 |
| 005 - FECHA Y HORA DE LA ÚLTIMA TRANSACCIÓN | |
| campo de control | 20250120084525.0 |
| 008 - DATOS DE LONGITUD FIJA--INFORMACIÓN GENERAL | |
| campo de control de longitud fija | 100813s1970 dr r 000 p spa d |
| 040 ## - FUENTE DE LA CATALOGACIÓN | |
| Centro catalogador/agencia de origen | DO-SdBNP |
| Lengua de catalogación | spa |
| Centro/agencia transcriptor | BNPHU |
| 082 ## - NÚMERO DE LA CLASIFICACIÓN DECIMAL DEWEY | |
| Número de clasificación | RD861.44 |
| Número de documento/Ítem | A958c |
| 100 1# - ENTRADA PRINCIPAL--NOMBRE DE PERSONA | |
| Nombre de persona | Avilés Blonda, Máximo, |
| Fechas asociadas al nombre | 1931-1988 |
| 9 (RLIN) | 7914 |
| 245 10 - MENCIÓN DE TÍTULO | |
| Título | Cantos a Elena ; Centro del mundo / |
| Mención de responsabilidad, etc. | Máximo Avilés Blonda. |
| 246 13 - FORMA VARIANTE DE TÍTULO | |
| Título propio/Titulo breve | Centro del mundo |
| 260 ## - PUBLICACIÓN, DISTRIBUCIÓN, ETC. | |
| Lugar de publicación, distribución, etc. | Santo Domingo : |
| Nombre del editor, distribuidor, etc. | Universidad Autónoma de Santo Domingo, |
| Fecha de publicación, distribución, etc. | 1970. |
| 490 1# - MENCIÓN DE SERIE | |
| Mención de serie | Brigada Universitaria ; |
| Designación de volumen o secuencia | no. 1 |
| 563 ## - NOTA DE ENCUADERNACIÓN | |
| Nota de encuadernación | Dos obras con paginación continua. |
| 650 #0 - PUNTO DE ACCESO ADICIONAL DE MATERIA--TÉRMINO DE MATERIA | |
| Término de materia o nombre geográfico como elemento de entrada | Poesía dominicana |
| 9 (RLIN) | 66 |
| 650 #0 - PUNTO DE ACCESO ADICIONAL DE MATERIA--TÉRMINO DE MATERIA | |
| Término de materia o nombre geográfico como elemento de entrada | Literatura dominicana. |
| 9 (RLIN) | 67 |
| 830 #0 - PUNTO DE ACCESO ADICIONAL DE SERIE-TÍTULO UNIFORME | |
| Título uniforme | Brigada Universitaria ; |
| Número de parte o sección de la obra | 1 |
| 9 (RLIN) | 43477 |
| Estado de retiro | Estado de pérdida | No para préstamo | Código de colección | Localización permanente | Ubicación/localización actual | Ubicación en estantería | Fecha de adquisición | Número de inventario | Total de préstamos | Signatura topográfica completa | Código de barras | Fecha visto por última vez | Precio válido a partir de | Tipo de ítem Koha | Nota pública | Número de copia |
|---|---|---|---|---|---|---|---|---|---|---|---|---|---|---|---|---|
| Excluido de préstamo | Patrimonio Dominicano | Patrimonio Dominicano | Patrimonio Dominicano | En catalogación | 31.08.2011 | LF1 | RD861.44 A958c | 20723-10 | 25.06.2020 | 25.06.2020 | Libro y Folleto Colección Patrimonio Dominicano | Perteneció a la biblioteca personal de Aída Cartagena Portalatín. | ||||
| Excluido de préstamo | Patrimonio Dominicano | Patrimonio Dominicano | Patrimonio Dominicano | En catalogación | 31.08.2011 | LF1 | RD861.44 A958c | 20723-20 | 25.06.2020 | 25.06.2020 | Libro y Folleto Colección Patrimonio Dominicano | Perteneció a la biblioteca personal de Aída Cartagena Portalatín. | e. 2 | |||
| Excluido de préstamo | Dominicana de Servicio | Patrimonio Dominicano | Patrimonio Dominicano | En catalogación | 31.08.2011 | LF1 | RD861.44 A958c | 20723-30 | 25.06.2020 | 25.06.2020 | Libro y Folleto Colección Dominicana de Servicio | Perteneció a la biblioteca personal de Aída Cartagena Portalatín. | e. 3 |
